00561 2200193 4500001002100000005001500021035002000036245010100056100001800157250001000175300002200185260003600207082001100243084001700254020002200271650001900293008004100312990001400353INLIS00000000000204820260511095436 a0010-05260000011 aEvaluasi Kebijakan Penerbitan Sukuk Negara :bSebagai Instrumen Pembiayaan APBN /cEri Hariyanto0 aEri Hariyanto aCet I a92 hlm. ;c21 cm. aYogyakarta :bGava Media,c2017 a352.48 a352.48 ERI e a978-602-6948-80-9 4aInstrumen APBN260511 0 ind  a201700257